000 01410nam a2200349 a 4500
001 ebr10308913
003 CaPaEBR
006 m u
007 cr cn|||||||||
008 091006s2008 ncua sb 000 0 eng d
020 _z9780979107931
020 _z9780982336151
040 _aCaPaEBR
_cCaPaEBR
035 _a(OCoLC)476328240
043 _aa-ch---
050 1 4 _aRA783.5
_b.W66 2008eb
100 1 _aWoodman, Josef.
245 1 0 _aPatients beyond borders
_h[electronic resource] :
_beverybody's guide to affordable, world-class medical travel.
_pTaiwan edition /
_cJosef Woodman.
246 3 0 _aPatients beyond borders
_g(Taiwan edition)
260 _aChapel Hill, N.C. :
_bHealthy Travel Media,
_c2008.
300 _axiv, 277 p. :
_bill.
490 1 _aPatients beyond borders series
504 _aIncludes bibliographical references (p. 267-271).
533 _aElectronic reproduction.
_bPalo Alto, Calif. :
_cebrary,
_d2013.
_nAvailable via World Wide Web.
_nAccess may be limited to ebrary affiliated libraries.
650 0 _aMedical tourism
_zTaiwan.
650 0 _aTravel
_xHealth aspects
_zTaiwan.
650 0 _aMedical care
_zTaiwan.
655 7 _aElectronic books.
_2local
710 2 _aebrary, Inc.
830 0 _aPatients beyond borders series.
856 4 0 _uhttp://site.ebrary.com/lib/rucke/Doc?id=10308913
_zAn electronic book accessible through the World Wide Web; click to view
999 _c61557
_d61557